La guerra de locutores : (Registro nro. 7351)

Detalles MARC
000 -LEADER
fixed length control field 01338nam a2200361 a 4500
001 - CONTROL NUMBER
control field 000010973
003 - CONTROL NUMBER IDENTIFIER
control field DO-SdBNP
005 - DATE AND TIME OF LATEST TRANSACTION
control field 20170925101222.0
007 - PHYSICAL DESCRIPTION FIXED FIELD--GENERAL INFORMATION
fixed length control field 000010973
008 - FIXED-LENGTH DATA ELEMENTS--GENERAL INFORMATION
fixed length control field 091013s2009 dr c 001 0 spa d
020 ## - INTERNATIONAL STANDARD BOOK NUMBER
International Standard Book Number 9789993431275
040 ## - CATALOGING SOURCE
Original cataloging agency BPMSU
Language of cataloging spa
Transcribing agency BPMSU
082 #4 - DEWEY DECIMAL CLASSIFICATION NUMBER
Classification number 384.54
Item number N964g
100 1# - MAIN ENTRY--PERSONAL NAME
Personal name Núñez Fernández, José Antonio,
Dates associated with a name 1928-
245 13 - TITLE STATEMENT
Title La guerra de locutores :
Remainder of title abril 1965 /
Statement of responsibility, etc. José Antonio Núñez Fernández ; compilador Pedro Pablo Fernández.
260 ## - PUBLICATION, DISTRIBUTION, ETC. (IMPRINT)
Place of publication, distribution, etc. Santo Domingo :
Name of publisher, distributor, etc. Biblioteca Nacional Pedro Henríquez Ureña,
Date of publication, distribution, etc. 2009.
300 ## - PHYSICAL DESCRIPTION
Extent 163 [10] p. :
Other physical details retrs. ;
Dimensions 23 cm.
490 1# - SERIES STATEMENT
Series statement Biblioteca Nacional
490 1# - SERIES STATEMENT
Series statement Testimonio
500 ## - GENERAL NOTE
General note Incluye índice onomástico
500 ## - GENERAL NOTE
General note Incluye datos biográficos del autor en las solapas
600 14 - SUBJECT ADDED ENTRY--PERSONAL NAME
Personal name NÚÑEZ FERNÁNDEZ, JOSÉ ANTONIO,
Dates associated with a name 1928-
650 #4 - SUBJECT ADDED ENTRY--TOPICAL TERM
Topical term or geographic name as entry element LOCUTORES DE RADIO
Geographic subdivision REPÚBLICA DOMINICANA
650 #4 - SUBJECT ADDED ENTRY--TOPICAL TERM
Topical term or geographic name as entry element RADIODIFUSIÓN
Geographic subdivision REPÚBLICA DOMINICANA
651 #4 - SUBJECT ADDED ENTRY--GEOGRAPHIC NAME
Geographic name REPÚBLICA DOMINICANA
General subdivision HISTORIA
Chronological subdivision REVOLUCIÓN, 1965
700 1# - ADDED ENTRY--PERSONAL NAME
Personal name Fernández, Pedro Pablo
Relator term comp.
730 0# - ADDED ENTRY--UNIFORM TITLE
Uniform title Radio San Isidro (Repúblia Dominicana)
830 #0 - SERIES ADDED ENTRY--UNIFORM TITLE
Uniform title Biblioteca Nacional
Name of part/section of a work Testimonio
910 ## - USER-OPTION DATA (OCLC)
User-option data Validado. Control de calidad BNPHU
942 ## - ADDED ENTRY ELEMENTS (KOHA)
Source of classification or shelving scheme Dewey Decimal Classification
Koha item type Libros
945 ## - LOCAL PROCESSING INFORMATION (OCLC)
a Inventariado / 2017 VM
956 ## - LOCAL ELECTRONIC LOCATION AND ACCESS (OCLC)
Host name VMATEO
Access number 10
Compression information 20100118
Logon BPMSU
Processor of request 0069
Existencias
Withdrawn status Lost status Source of classification or shelving scheme Damaged status Not for loan Collection code Home library Current library Date acquired Source of acquisition Total Checkouts Full call number Barcode Date last seen Price effective from Koha item type Copy number
    Dewey Decimal Classification     Colección Dominicana Biblioteca Pública Metropolitana Salomé Ureña Biblioteca Pública Metropolitana Salomé Ureña 02/05/2015 Biblioteca Nacional Pedro Henríquez Ureña   384.54 N964g BPMSU15041102 02/05/2015 02/05/2015 Libros  
    Dewey Decimal Classification     Colección Dominicana Biblioteca Pública Metropolitana Salomé Ureña Biblioteca Pública Metropolitana Salomé Ureña 02/05/2015 Biblioteca Nacional Pedro Henríquez Ureña   384.54 N964g BPMSU15041103 02/05/2015 02/05/2015 Libros e. 2
    Dewey Decimal Classification     Colección Dominicana Biblioteca Pública Metropolitana Salomé Ureña Biblioteca Pública Metropolitana Salomé Ureña 02/05/2015 Biblioteca Nacional Pedro Henríquez Ureña   384.54 N964g BPMSU15041104 02/05/2015 02/05/2015 Libros e. 3